| 000 | 00626nam a22002417a 4500 | ||
|---|---|---|---|
| 001 | 14424 | ||
| 003 | BD-JhCC | ||
| 005 | 20251104115202.0 | ||
| 008 | 251104b |||||||| |||| 00| 0 eng d | ||
| 020 | _a9780141397412 | ||
| 035 | _a(BD-JhCC) 14424 | ||
| 040 |
_aBD-JhCC _dBD-JhCC |
||
| 041 | _aeng | ||
| 082 |
_223 _a823 _bGIL |
||
| 100 | _aGilman,Charlotte Perkins | ||
| 245 |
_a The yellow wall paper / _cCharlotte Perkins Gilman |
||
| 260 |
_aUK: _bPenguin Classics, _c2015 |
||
| 300 |
_a54p.; _c17 cm. |
||
| 490 |
_aPenguin Little Black Classics, _v42 |
||
| 650 | _aClassics | ||
| 650 | _aFiction | ||
| 942 |
_2ddc _cBK |
||
| 999 |
_c14424 _d14424 |
||